000 00595nam a22001577a 4500
003 OSt
005 20151101084738.0
008 151101b xxu||||| |||| 00| 0 eng d
040 _cRUA
082 _aFOR ស៊ឹម 1989 B115 Or.1
100 _93098
_aស៊ឹម សេរីវុទ្ធ
245 _aអាកាស្យាអូរីគុយលីហ្វ័រមីសក្នុងព្រៃសិប្បនិម្មិតនៅបាភ្នំ ខេត្តព្រៃវែង
260 _aPhnom Penh
_bRUA
_c1989
300 _a51p.
_bill.
_c29cm.
942 _2ddc
_cFOR
999 _c2887
_d2887